Conceptions : (Record no. 142974)

MARC details
000 -LEADER
fixed length control field 00585nam a22001817a 4500
005 - DATE AND TIME OF LATEST TRANSACTION
control field 20170728160319.0
010 ## - LCCN (DPL NO)
LC control number ENG-119463
020 ## - INTERNATIONAL STANDARD BOOK NUMBER
International Standard Book Number 9788125063278
Terms of availability 995.00
035 ## - SYSTEM CONTROL NUMBER
System control number EN-102995
037 ## - SOURCE OF ACQUISITION
Source of stock number/acquisition DBAD/PUB
082 ## - DEWEY DECIMAL CLASSIFICATION NUMBER
Classification number 618.178060954
100 ## - MAIN ENTRY--PERSONAL NAME
Personal name Bhardwaj,Aditya
245 ## - TITLE STATEMENT
Title Conceptions :
Statement of responsibility, etc by Aditya Bhardwaj
Remainder of title Infertility and procreative technologies in India /
260 ## - PUBLICATION, DISTRIBUTION, ETC. (IMPRINT)
Place of publication, distribution, etc Hydrabad
Name of publisher, distributor, etc Orient BlackSwan
Date of publication, distribution, etc 2017
270 ## - ADDRESS
Address 3-6-752,Himayat Nagar
City Hydrabad (Telagana)
Postal code 500029
300 ## - PHYSICAL DESCRIPTION
Extent xvii,295p.
Other physical details 22cm(Hb)
942 ## - ADDED ENTRY ELEMENTS (KOHA)
Source of classification or shelving scheme Dewey Decimal Classification
Item type English Books
Call number suffix BHA
Classification part 618.178060954
Holdings
Withdrawn status Lost status Not for loan Collection code Home library Current library Date acquired Source of acquisition Cost, normal purchase price Full call number Barcode Copy number Cost, replacement price Koha item type
    Not For Loan Fiction D.B.Act.Division Bawana 28/07/2017 DBAD/PUB 995.00 618.178060954BHA EN-102995 1 995.00 English Books

© Delhi Public Library
Hit Counter
free hit counter